000 00945nam a2200277 a 4500
001 000043884
003 DO-SdBNP
005 20180307115328.0
007 000043884
008 150828s2004 dr ac 000 spa d
020 _a9945400878
040 _aBPMSU
_bspa
_cBPMSU
092 _axxxxx
_bxxxxx
100 1 _aCuello del Orbe, Elisa Ysabel
245 1 0 _aRetoño 3 :
_bpre-escritura /
_cElisa Ysabel Cuello del Orbe ; producción editorial María del Jesús de la Rosa ; ilustraciones Ramón Sandoval.
260 _aSanto Domingo :
_bActualidad Escolar 2000,
_c[200?].
300 _a64 p. :
_bil. ;
_c22 cm.
500 _aEducación inicial
500 _aLa biblioteca posee el v. 3
700 1 2 _aSandoval, Ramón,
_eil.
700 1 2 _aRosa, María del Jesús de la,
_eed.
942 _2ddc
_cBK
945 _aInventariado / 2018 VM
956 _aVMATEO
_b10
_c20150830
_lBPMSU
_h00151
956 _aLOPEREZ
_b10
_c20160426
_lBPMSU
_h00041
999 _c9925
_d9925